00253 a2200109 4500001000700000020000600007040001100013100002300024240004600047245004100093362000900134169206 a  cMagnum aTorres, Rosa Maria10aQue (e como) e necessario aprender ?lpor10aQue (e como) e necessario aprender ?0 a1899